000 00588cam a22002411 4500
001 sa 68005715
003 DLC
005 20260227112511.0
008 950206s1963 ii 000 1 tamo
010 _asa 68005715
025 _aPL480:I-T-930
035 _a(OCoLC)31945451
040 _aDLC
_cCU
_dCU
_dDLC
050 0 0 _aPL4758.8
_b.T4
245 0 0 _aTēn̲ malarkaḷ.
260 _c[1963]
300 _a96 p.
_c18 cm.
500 _aIn Tamil.
500 _aShort stories.
650 0 _aShort stories, Tamil.
700 0 _aCōlai Irucan̲.
700 1 _aVadivelu, G. A.,
_d1925-
999 _c80902
_d80902